Lohengrin Vorspiel : Klavier zu 4 Händen /

Hlavní autor: Wagner, Richard, 1813-1883
Další autoři: Windsperger, Lothar, 1885-1935
Jazyk: Nelze použít, není lingvistický obsah
Vydáno: Mainz : B. Schott's Söhne, [1918?]
Edice: Edition Schott Einzel-Ausgabe
Fyzický popis: 5 s.
Hudebniny Hudebniny
Uloženo v:
LEADER 00879ncm a22002412a 4500
001 001114511
003 CZ BrMZK
005 20160308131904.0
007 qu
008 100908s1918 gw |||||||||||||||||zxx d
040 |a BOA001  |b cze 
072 7 |a 786  |x Hudba pro klávesové nástroje  |2 Konspekt  |9 9 
100 1 |a Wagner, Richard,  |d 1813-1883  |7 jn19981002383  |4 cmp 
245 1 0 |a Lohengrin  |h [hudebnina] :  |b Vorspiel : Klavier zu 4 Händen /  |c Richard Wagner ; bearbeitet von L. Windsberger 
260 |a Mainz :  |b B. Schott's Söhne,  |c [1918?] 
300 |a 5 s. 
490 1 |a Edition Schott Einzel-Ausgabe ;  |v 02889 
700 1 |a Windsperger, Lothar,  |d 1885-1935  |7 xx0025290  |4 arr 
830 0 |a Edition Schott Einzel-Ausgabe 
910 |a BOA001  |b Mus4-0273.854 
990 |a MU 
991 |b 201307 
996 6 |b 2610553864  |c Mus4-0273.854  |l MZK  |r Sklad / do 1 hodiny  |n 0  |w 001142157  |u 000020  |a 1  |e BOA001  |j MZK50  |s P